000 01432cam a2200409 a 4500
001 14198431
003 OSt
005 20140310184445.0
008 051213s2005 nyua b 000 1 eng d
010 _a 2005296659
020 _a0439775272 (pbk.)
020 _a9780439775274
035 _a(OCoLC)ocm61108773
040 _aBKX
_cBKX
_dBAKER
_dXY4
_dOCLCQ
_dDLC
042 _alcac
_alccopycat
050 0 0 _aPZ 7
_b.D128m7 2005
100 1 _aDadey, Debbie.
_94137
245 1 0 _aMrs. Jeepers' scariest halloween ever /
_cby Debbie Dadey and Marcia Thornton Jones ; illustrated by John Steven Gurney.
260 _aNew York :
_bScholastic Inc.,
_c2005.
300 _a103 p. :
_bill. ;
_c19 cm.
490 1 _aAdventures of the Bailey School kids super special ;
_v#7
521 1 _aG4
526 _c630
562 _e1
650 1 _aHalloween
_vFiction.
_927677
650 1 _aTeachers
_vFiction.
_927678
650 1 _aMonsters
_vFiction.
_927679
650 1 _aSchools
_vFiction.
_927680
650 1 _aHorror stories.
_93825
700 1 _aJones, Marcia Thornton.
_94140
700 1 _aGurney, John Steven,
_d1962-
_eill.
_927681
800 1 _aDadey, Debbie.
_tAdventures of the Bailey School kids super special ;
_v#7.
_927682
906 _a7
_bcbc
_ccopycat
_d2
_encip
_f20
_gy-gencatlg
942 _2lcc
_cBK-SCHOLAS
999 _c34507
_d34507